Polojubilejné hodnotenie

Bibliographic Details
Main Author: Chudziaková, Marta (Author)
Format: Article
Language:Slovak
PhysicalDescription:Lit. 7 zázn. v slov.
Subjects:

MARC

LEADER 00000nab a2200000 a 4500
001 vtls000320479
003 SK-MaSNL
005 20260304082947.0
008 250424c1988 xo 0 slo
015 |a SNBRB19rr/mm-uuuuu 
035 |a CL0320601 
035 |a urn:nbn:sk:snk-abbi96 
035 |a (urnnbn)urn:nbn:sk:snk:ar-000qi9 
035 |a (uuid)78e1aba8-df62-4ced-ba72-452f177c0912 
040 |a SNKBUCL  |b slo  |c SNKBUCL  |e AACR2 
041 0 |a slo 
044 |a xo  |c SK 
080 |a 021.15(437.6)  |2 1981 
080 |a 028.4  |2 1981 
080 |a 3  |2 1981 
100 1 |a Chudziaková, Marta  |4 aut  |9 922344 
245 1 0 |a Polojubilejné hodnotenie  |c Marta Chudziaková 
300 |b Lit. 7 zázn. v slov. 
650 0 7 |a knižnice jednotnej sústavy  |2 snkbucl  |9 359941 
655 7 |a články z novín a časopisov  |2 snkbucl  |9 267496 
773 0 |t Čitateľ  |g Roč. 37, č. 4 (1988), s. 130-131 
850 |a Slovenská národná knižnica 
852 |a Slovenská národná knižnica 
954 |a odborná, vedecká literatúra pôvodná (slovenská)  |2 lita 
958 |a article15 
958 |a OND 
958 |a NB 
958 |a RK 
958 |a KL 
958 |a EUIPO 
992 |a RBX 
999 |c 2798921  |d 2800851